000 00419nam a2200157 i 4500
001 bg
245 0 _aElektroniczne układy nawigacji lotniczej /
_cpod red. M. Kaytona, W.R. Frieda.
260 _aWarszawa,
_c1976.
700 1 _aKayton, Maron.
_eRed.
700 1 _aFried, Walter R.
_eRed.
040 _cBPK
041 _apol
080 _a629.7:621.38/.39
942 _cKS
008 s pl f |000 0 pol
999 _c17175
_d17175
856 _uhttp://koha.tu.koszalin.pl/cgi-bin/koha/opac-detail.pl?biblionumber=17175
_yKatalog online BPK